Statistics for Classical Music- All A's

Click here to take the quiz!

General Stats

  • This quiz has been taken 197 times
  • The average score is 7 of 14

Answer Stats

HintAnswer% Correct
Play and movie about MozartAmadeus
92%
Female voice range lower than sopranoalto
88%
Dvorak's first nameAntonin
72%
A broken chord passagearpeggio
68%
An elaborate operatic soloaria
67%
Term indicating to play at a faster pace.accelerando
62%
Polish virtuoso pianist Rubenstein's first nameArthur
51%
The science that deals with soundacoustics
37%
Famed conductor Toscanini's first nameArturo
33%
Romantic era Spanish composer who worte over 250 pieces for the pianoAlbeniz
32%
Italian term for a grace noteappoggiaturra
30%
Term for 2/2 (cut) timealla breve
20%
Fanciful title for a "light" composition (Burgmuller's opus 100/ 2 for example)arabesque
16%
Johann Sebastian Bach's last workArt of the Fugue
9%

Score Distribution

Percentile by Number Answered

Percent of People with Each Score

Your Score History

You have not taken this quiz